000 00605nam a2200229Ia 4500
005 20260320201951.0
008 008 262003s9999 xx 000 0 eng d
037 _aEBOOK
040 _aCRL
040 _beng
040 _cCRL
041 _2eng
041 _aeng
084 _qCRL
100 _aNevarez
_91136436
245 0 _aSQL Server Query Tuning and Optimization: Optimize Microsoft SQL Server 2022 queries and applications
260 _bIEEE
856 _uhttps://ieeexplore.ieee.org/servlet/opac?bknumber=10163371
942 _cEBOOK
999 _c1724549
_d1724549